Bezpečnosť obyvateľov miest a obcí

Európska sieť pre prevenciu kriminality (European crime prevention network - EUCPN). Bola založená Európskou komisiou. Výmena skúseností jednotlivých členských štátov v oblasti prevencie kriminality, dosiahnuté výsledky. Francúzsko, Fínsko, Poľsko, Česko, Slovensko. Význam spolupráce s ľudmi.

Guardado en:
Detalles Bibliográficos
Autor principal: Stábová, Daniela
Formato: Capítulo de libro
Lenguaje:eslovaco
Materias:
Etiquetas: Agregar Etiqueta
Sin Etiquetas, Sea el primero en etiquetar este registro!

MARC

LEADER 00000naa$a2200000$$$4500
001 0091459
005 20231016090012.8
041 0 |a slo 
044 |a SK 
245 1 0 |a Bezpečnosť obyvateľov miest a obcí  |c Daniela Stábová 
520 |a Európska sieť pre prevenciu kriminality (European crime prevention network - EUCPN). Bola založená Európskou komisiou. Výmena skúseností jednotlivých členských štátov v oblasti prevencie kriminality, dosiahnuté výsledky. Francúzsko, Fínsko, Poľsko, Česko, Slovensko. Význam spolupráce s ľudmi. 
610 2 0 |a bezpečnosť 
610 2 0 |a obyvateľstvo 
610 2 0 |a mestá 
610 2 0 |a obce 
610 2 0 |a kriminalita 
610 2 0 |a prevencia 
610 2 0 |a Európa 
100 1 |a Stábová, Daniela